Manual de horticultura /

Guardado en:
Autor Principal: Vigliola, Marta Irene
Formato: Libro
Publicado: Argentina : Hemisferio Sur, 2007
Materias:
Etiquetas: Agregar Etiqueta
Sin Etiquetas, Sea el primero en etiquetar este registro!
LEADER 01748nam a22004455a 4500
001 CEM.cems017084
008 130507s2007##################000#0#####d
005 20260330134210.0
245 1 0 |a Manual de horticultura /  |c Coordinado Por Marta Irene Vigliola 
260 |a Argentina :  |b Hemisferio Sur,  |c 2007 
300 |a 264 p. 
505 0 |a Introducción, C. A. Mund -- Valor nutritivo de las hortalizas, 
020 |a 9789505044573 
100 1 |a Vigliola, Marta Irene 
082 0 4 |a 635 
653 |a Horticultura 
653 |a Hortalizas-comercialización 
653 |a Hortalizas-industrialización 
653 |a Crucíferas 
653 |a Quenopodiáceas 
653 |a Compuestas 
653 |a Liliáceas 
653 |a Umbelífera 
653 |a Leguminosas 
653 |a Solanáceas 
653 |a Gramíneas 
653 |a Convolvuláceas 
653 |a Hongos comestibles 
859 |a CEMS  |b BIB. CEMS - Agricultura  |h 635  |i V683  |p A0715.08  |t Ej.1 
859 |a CEMS  |b BIB. CEMS - Agricultura  |h 635  |i V683  |p A0716.08  |t Ej.3 
859 |a CEMS  |b BIB. CEMS - Agricultura  |h 635  |i V683  |p A0717.08  |t Ej.4 
859 |a CEMS  |b BIB. CEMS - Agricultura  |h 635  |i V683  |p A0718.08  |t Ej.5 
859 |a CEMS  |b BIB. CEMS - Agricultura  |h 635  |i V683  |p A0719.08  |t Ej.6 
859 |a CEMS  |b BIB. CEMS - Agricultura  |h 635  |i V683  |p A0720.08  |t Ej.7 
859 |a CEMS  |b BIB. CEMS - Agricultura  |h 635  |i V683  |p A0721.08  |t Ej.8 
859 |a CEMS  |b BIB. CEMS - Agricultura  |h 635  |i V683  |p A0722.08  |t Ej.9 
859 |a CEMS  |b BIB. CEMS - Agricultura  |h 635  |i V683  |p A0723.08  |t Ej.10 
859 |a CEMS  |b BIB. CEMS - Agricultura  |h 635  |i V683  |p A0724.08  |t Ej.11 
859 |a CEMS  |b BIB. CEMS - Agricultura  |h 635  |i V683  |p A0785.08  |t Ej.12 
859 |a CEMS  |b BIB. CEMS - Agricultura  |h 635  |i V683  |p A4051.26  |t Ej.13